Statistiques concernant Ligue 1 saison 2016-2017

Cliquez ici pour prendre le quiz!

Statistiques générales

  • Ce quiz a été pris 507 fois
  • Le résultat moyen est 16 sur 20

Statistiques - réponses

clubClub% Correct
17Paris-Saint-Germain Football Club
99%
10L'Olympique de Marseille
97%
9L'Olympique Lyonnais
97%
12Association sportive de Monaco FC
89%
16L'Olympique Gymnaste Club Nice Côte d'Azur
89%
7LOSC Lille
89%
3Football Club des Girondins de Bordeaux
88%
19Association Sportive de Saint Etienne
86%
18Stade Rennais Football Club
86%
15Football Club de Nantes
85%
20Toulouse Football Club
84%
11Football Club de Metz
75%
8Football Club Lorient-Bretagne Sud
73%
13Montpellier-Herault Sport Club
73%
2Sporting Club de Bastia
71%
1Angers Sporting Club de l'Ouest
69%
14Association Sportive Nancy-Lorraine
64%
6En Avant de Guingamp
63%
5Dijon Football Côte-d'Or
62%
4Stade Malherbe de Caen
59%

Distribution des résultats

Percentile par nombre de réponses

% des personnes avec chaque résultat

Votre développement - résultats

Vous n’avez pas pris ce quiz